|
|
|
|
| LEADER |
00000cam a2200000 i 4500 |
| 001 |
1/70391 |
| 008 |
960229s1982 gre d |
| 035 |
|
|
|a 1989
|b 2
|c Δωρεά
|l 10030632
|
| 040 |
|
|
|a GR-MY-UA
|b gre
|e aacr
|
| 041 |
0 |
|
|a gre
|
| 082 |
0 |
|
|a 889.09
|
| 100 |
1 |
|
|a Αυγέρης, Μάρκος,
|d 1884-1973.
|
| 245 |
1 |
0 |
|a Έλληνες λογοτέχνες /
|c Μάρκος Αυγέρης
|
| 250 |
|
|
|a 4η εκδ.
|
| 260 |
|
|
|a Αθήνα :
|b Μπούρας,
|c 1982
|
| 300 |
|
|
|a 291 σ.
|
| 505 |
0 |
|
|a Σολωμός. - Κάλβος. - Ψυχάρης. - Παλαμάς. - Σικελιανός. - Καζαντζάκης. - Σεφέρης.
|
| 650 |
0 |
0 |
|a Litterateurs
|z Greece.
|
| 650 |
0 |
0 |
|a Greek literature, Modern
|x History and criticism.
|
| 852 |
|
|
|a INST
|b RHODES
|e 19960229
|h 889.09 ΑΥΓ
|p 005400004115
|q 005400004115
|t BK
|y 0
|
| 909 |
|
|
|a Ρ
|b 014620
|c 1989
|